100 najlepszych piłkarzy świata 2024 r. - Statystyki

Ogólne statystyki
  • Ten quiz został rozwiązany 9 144 razy
  • Średni wynik to 31 z 100
Statystyki odpowiedzi
# Klub Piłkarz % Poprawnych
21. Barcelona Robert Lewandowski
92%
3. Manchester City Erling Haaland
86%
10. Real Madryt Kylian Mbappé
85%
4. Barcelona Lamine Yamal
85%
1. Manchester City Rodri
83%
2. Real Madryt Vinícius Júnior
83%
42. Al-Nassr Cristiano Ronaldo
82%
27. Inter Miami Lionel Messi
82%
6. Bayern Monachium Harry Kane
77%
11. Liverpool Mohamed Salah
74%
7. Inter Lautaro Martínez
72%
5. Real Madryt Jude Bellingham
70%
23. Aston Villa Emiliano Martínez
65%
8. Bayer Leverkusen Florian Wirtz
64%
39. Barcelona Pedri
63%
31. Real Madryt Rodrygo
61%
13. Arsenal Bukayo Saka
58%
12. Chelsea Cole Palmer
57%
58. Real Madryt Luka Modric
57%
14. Athletic Bilbao Nico Williams
57%
36. Manchester City Kevin De Bruyne
52%
24. Real Madryt Antonio Rüdiger
47%
9. Real Madryt Dani Carvajal
46%
51. Real Madryt Thibaut Courtois
45%
20. Real Madryt Federico Valverde
42%
30. Liverpool Virgil van Dijk
42%
15. Manchester City Phil Foden
41%
25. Barcelona Raphinha
41%
19. Bayern Monachium Jamal Musiala
39%
18. Arsenal Martin Ødegaard
38%
29. Sporting CP Viktor Gyökeres
38%
16. Real Madryt Toni Kroos
36%
34. Arsenal Declan Rice
35%
50. Manchester City Ederson
35%
64. Bayer Leverkusen Jeremie Frimpong
31%
61. AC Milan Rafael Leão
31%
28. Arsenal William Saliba
31%
79. Liverpool Alisson
29%
40. Manchester City Bernardo Silva
29%
35. Manchester City Rúben Dias
29%
22. Atalanta Ademola Lookman
28%
63. Manchester United Bruno Fernandes
28%
89. Real Madryt Eduardo Camavinga
28%
41. Atlético Madryt Antoine Griezmann
27%
87. Barcelona Jules Koundé
27%
66. Liverpool Trent Alexander-Arnold
27%
33. Bayer Leverkusen Alex Grimaldo
26%
17. Barcelona Dani Olmo
26%
55. Atlético Madryt Julián Alvarez
26%
76. Bayern Monachium Joshua Kimmich
24%
46. Inter Nicolò Barella
24%
81. Barcelona Pau Cubarsí
22%
52. Inter Alessandro Bastoni
21%
90. Newcastle Alexander Isak
21%
67. Inter Marcus Thuram
21%
47. Paris Saint-Germain Vitinha
21%
75. Bayer Leverkusen Jonathan Tah
20%
85. Bayern Monachium Michael Olise
20%
86. Arsenal David Raya
19%
26. Bayer Leverkusen Granit Xhaka
19%
78. Arsenal Kai Havertz
19%
54. Aston Villa Ollie Watkins
19%
74. Galatasaray Victor Osimhen
19%
38. Liverpool Alexis Mac Allister
18%
53. Inter Federico Dimarco
18%
56. Paris Saint-Germain Achraf Hakimi
17%
84. Liverpool Cody Gakpo
17%
68. Manchester City Kyle Walker
17%
43. Borussia Dortmund Serhou Guirassy
17%
91. Athletic Bilbao Unai Simón
17%
88. Paris Saint-Germain Bradley Barcola
16%
45. Manchester City Josko Gvardiol
15%
59. Eintracht Frankfurt Omar Marmoush
15%
32. Inter Hakan Calhanoglu
14%
73. Lille Jonathan David
14%
49. Napoli Khvicha Kvaratskhelia
13%
62. Bayer Leverkusen Victor Boniface
13%
82. Real Madryt Andriy Lunin
12%
92. Borussia Dortmund Gregor Kobel
12%
71. Benfica Ángel Di María
11%
93. Juventus Dusan Vlahovic
11%
95. AC Milan Christian Pulisic
10%
69. RB Lipsk Xavi Simons
10%
70. AC Milan Álvaro Morata
9%
48. Roma Artem Dovbyk
9%
99. Borussia Dortmund Julian Brandt
9%
37. Liverpool Luis Díaz
9%
96. AC Milan Mike Maignan
9%
44. Paris Saint-Germain Fabián Ruiz
8%
72. Chelsea Marc Cucurella
8%
98. Al-Hilal Aleksandar Mitrovic
7%
65. Roma Mats Hummels
7%
83. Tottenham Hotspur Cristian Romero
6%
77. Rayo Vallecano James Rodríguez
6%
94. Manchester City Savinho
6%
80. Valencia Giorgi Mamardashvili​
5%
97. Arsenal Riccardo Calafiori
5%
57. Arsenal Gabriel Magalhães
4%
100. Borussia Dortmund Marcel Sabitzer
4%
60. Tottenham Hotspur Son Heung-min
4%
Nie znaleziono quizów pasujących do podanych kryteriów
Rozkład punktacji
Procent ludzi z każdym wynikiem
Percentyl według liczby udzielonych odpowiedzi
Twoja historia wyników
Nie rozwiązałeś tego quizu